00353nam a22001097a 450000500170000000800410001708200140005810000120007224501110008426000230019565000250021820231025144314.0231025b |||||||| |||| 00| 0 eng d a347.1 TRI lEnglish aTrial Advocacy Case Material : bFlinders Aluminum Fabrication Corporation v. MISMO Fire Insurance Company aSouth Africac1998 aLegal Practice bLaw